|
|
|
|
| LEADER |
01078nam a22002892a 4500 |
| 001 |
000037656 |
| 003 |
CZ BrMZK |
| 005 |
20090225142021.0 |
| 007 |
ta |
| 008 |
010907s1981 xr f cze d |
| 015 |
|
|
|a cnb000390433
|
| 035 |
|
|
|a (OCoLC)40078570
|
| 040 |
|
|
|a BOA001
|b cze
|
| 080 |
9 |
|
|a 885.0-252
|
| 100 |
1 |
|
|a Grym, Pavel,
|d 1930-2004
|7 jk01032815
|4 aut
|
| 245 |
1 |
0 |
|a Šíleně prolhaná princezna :
|b pohádková groteska o 2 dílech ; hudbu složili Milan Baginský a Vlastimil Hanuš /
|c Pavel Grym
|
| 250 |
|
|
|a 1. nákl.
|
| 260 |
|
|
|a Praha :
|b Divadelní a literární agentura,
|c 1981
|
| 300 |
|
|
|a 39 s.
|
| 700 |
1 |
|
|a Baginský, Milan,
|d 1938-
|7 xx0016530
|4 cmp
|
| 700 |
1 |
|
|a Hanuš, Vlastimil
|7 jx20080313017
|4 cmp
|
| 910 |
|
|
|a BOA001
|b PK-N-0020.950
|b 4-0833.205
|
| 920 |
|
|
|a 000330977
|
| 964 |
|
|
|a Princezny - hry divadelní pro děti
|
| 990 |
|
|
|a BK
|
| 996 |
7 |
|
|b 2619838076
|c 4-0833.205
|l MZK
|r Sklad / do 1 hodiny
|n 7
|w 000037656
|u 000020
|a 1
|e BOA001
|j MZK50
|s A
|
| 996 |
7 |
|
|b 3119995692
|c PK-N-0020.950
|l MZK
|r Sklad / do 1 hodiny
|n 4
|w 000037656
|u 000010
|a 1
|e BOA001
|j MZK50
|s A
|